000 00328 a2200145 4500
001 176095
020 _a
040 _cMagnum
100 _aLapate, Vagner
240 1 0 _aAids - educando para a vida
_lpor
245 1 0 _aAids - educando para a vida
362 0 _a1899
697 _aMAGNITO: CIENCIAS MEDICAS SAUD
942 _cBK
999 _c176095
_d176095